000 00429nam a2200181Ia 4500
005 20250423095903.0
008 250422s9999 xx 000 0 und d
020 _a9789351116554
050 _aD 860 .P73/
100 _aPrakash, Anand
245 0 _aIssues in world politics
260 _aNew Delhi
260 _bRandom Publications
260 _c2015
300 _a295 p
650 _aWorld politics--1989-
942 _cBK
999 _c31630
_d31630